20 Biggest Cities in The USA - Statistics

General Stats
  • This quiz has been taken 70 times
  • The average score is 14 of 20
Answer Stats
Answer % Correct
Los Angeles
98%
New York City
98%
Chicago
97%
Houston
95%
Dallas
91%
San Francisco
91%
Seattle
91%
Philadelphia
88%
Denver
81%
San Diego
79%
San Antonio
78%
Phoenix
72%
Austin
67%
Jacksonville
62%
Charlotte
53%
San Jose
53%
Indianapolis
52%
Fort Worth
43%
Oklahoma
38%
Colombus
5%
No matching quizzes found
Score Distribution
Percent of People with Each Score
Percentile by Number Answered
Your Score History
You have not taken this quiz